KOHA-Header-6

E-Commerce (Record no. 8341)

000 -LEADER
fixed length control field 00243nam a2200109Ia 4500
100 ## - MAIN ENTRY--AUTHOR NAME
Personal name Kenneth.Laudon
245 #0 - TITLE STATEMENT
Title E-Commerce
260 ## - PUBLICATION, DISTRIBUTION, ETC. (IMPRINT)
Place of publication India
Name of publisher Pearson
Year of publication 2003
300 ## - PHYSICAL DESCRIPTION
Number of Pages 327
942 ## - ADDED ENTRY ELEMENTS (KOHA)
Koha item type Books
Holdings
Withdrawn status Lost status Collection code Permanent Location Current Location Shelving location Date acquired Full call number Accession Number Koha item type
    Marketing MAJU MAJU   2019-09-13 658.8 2995 Marketing

Powered by Koha